000 00865nam a22003017a 4500
003 CHAP
005 20220329143556.0
008 100618s2000 us a r 00010 eng d
010 _a98753
011 _a99725
020 _a0131816292
035 _a110411
040 _cCHAP
082 1 4 _a514
_bM92
100 1 _aMunkres, James R.
_979503
245 1 0 _aTopology
_c/por James R. Munkres
250 _a2 ed.
260 _aNew York, US. :
_bPrentice Hall,
_c2000
300 _a537 p. :
_bilus.
590 _aBATCH-UPD
_b10
_c20130110
_lUCH01
_h1344
590 _aBATCH-UPD
_b10
_c20130410
_lUCH01
_h0843
590 _aBATCH-UPD
_b10
_c20130914
_lUCH01
_h1834
590 _aCONVERSION
_b10
_c20130109
_lUCH01
_h1355
650 1 4 _aTopologĂ­a.
_9113916
901 _aBK
942 _cLIBRO
949 _a514 M92
_bBC
_cLIBRO
_d33724002172116
_eLIBRO
_gI.c/e
_h112913
_i110411
_sb
999 _c98753
_d98753